000 00598nam a2200241Ia 4500
008 170203s9999 xx 000 0 und d
020 _a0-399221921
050 _aFic
050 _bB845w
100 _aJan Brett /
245 4 _aThe wild Christmas reindeer /
245 _cwritten and illustrated by Jan Brett.
260 _aNew York:
260 _bPutnam,
260 _c©1990.
300 _a1 volume (unpaged):
300 _bcolor illustrations; 
300 _c24 cm
650 _aChristmas -
650 _aReindeer -
650 _xFiction.
650 _xJuvenile fiction.
999 _c306548
_d306548